• 首页
  • 本馆介绍
  • 公告通知
  • 最新文献
  • 馆藏检索
  • 电子资源
  • 读者导购
  • 参考咨询
  • 我的图书馆
  • 登录
  • 详细信息显示
  • 放入我的书架
  • 预约/预借图书
  • 作者相关作品
  • 分类相关作品
  • 丛书相关作品
  • 出版社相关作品

书目信息

  • 表格格式
  • 工作单格式
  • 卡片格式
题名:
食品微生物基础与应用
    
 
作者: 翁连海 主编
分册:  
出版信息: 北京   高等教育出版社  2005
页数: 199页
开本: 26cm
丛书名:
单 册:
中图分类: TS201.3
科图分类:
主题词: 食品微生物--微生物学--高等教育--教材
电子资源:
ISBN: 7-04-016472-8
000 00912nam0 2200253 450-
001 0101160446
005 20050914133011.0
010    @a7-04-016472-8@dCNY25.00
011    @a7-04-016472-8
100    @a20050801d2005 em y0chiy0120 ea
101 0  @achi
102    @aCN@b110000
105    @ay z 000yy
106    @ar
200 1  @a食品微生物基础与应用@9Shi;Si Pin Wei Sheng Wu Ji Chu Yu Ying Yong @f翁连海主编@b专著
210    @a北京@c高等教育出版社@d2005
215    @a199页@d26cm@e光盘1片
300    @a新世纪高职高专教改项目成果教材
330    @a该书分为2篇11章,介绍了微生物的细胞结构与功能,微生物营养与食品生产原料、微生物的代谢与发酵控制、微生物实验室及其主要仪器、微生物培养与食品生产过程等。
606 0  @a食品微生物@x微生物学@x高等教育@j教材
690    @aTS201.3@v4
701  0 @a翁连海@f(1963~)@4主编@9weng lian hai
801  0 @aCN@bAZmarc@c20230901
905    @aBZT@dTS201.3@e213@f1@sTS201.3/213
    
    食品微生物基础与应用/翁连海主编.-北京:高等教育出版社,2005
    199页;26cm+光盘1片
    新世纪高职高专教改项目成果教材
    
    ISBN 7-04-016472-8:CNY25.00
    该书分为2篇11章,介绍了微生物的细胞结构与功能,微生物营养与食品生产原料、微生物的代谢与发酵控制、微生物实验室及其主要仪器、微生物培养与食品生产过程等。
●
相关链接 在五车中查询图书 在当当中查询图书 在豆瓣中查询图书


正题名:食品微生物基础与应用     索取号:TS201.3/213         预约/预借

序号 登录号 条形码 馆藏地/架位号 状态 备注
1 2000062167   2000062167   旧书回溯/ [索取号:TS201.3/213] 在馆    
山东省滨州职业学院图书馆 欢迎您!
大连网信软件有限公司© 版权所有